| 000 | 00606nam a22002052 4500 | ||
|---|---|---|---|
| 001 | 0000020788 | ||
| 005 | 20151217152221.0 | ||
| 008 | 111014s xx 000 0 eng d | ||
| 020 | _a0853697244 : | ||
| 040 |
_aKABU _cKABU |
||
| 245 | 1 | 0 |
_aPharmacy case studies / _cedited by Soraya Dhillon, Rebekah Raymond. |
| 250 | _a1st ed. | ||
| 260 |
_aLondon : _bPhP, _c2009. |
||
| 300 | _axiii, 458 p. | ||
| 650 | 0 |
_aPharmacy _xStudy and teaching. _@0000181349 |
|
| 700 | 1 |
_aRaymond, Rebekah. _@0000181350 |
|
| 852 | 1 | _9p4497 KES | |
| 908 | _a111014 | ||
| 950 | _@1 | ||
| 999 |
_c9501 _d9501 |
||